[Event "Calvia Amateur op 17th"]
[Site "Calvia"]
[Date "2020.10.15"]
[Round "6"]
[White "Altarriba Sampedro, Lorien"]
[Black "Juan Mas, Santiago"]
[Result "1-0"]
[WhiteElo "1669"]
[BlackElo "1975"]
[PlyCount "65"]
[EventDate "2020.10.10"]
[EventType "swiss"]
[EventRounds "9"]
[EventCountry "ESP"]
[SourceTitle "CBM 198 Extra"]
[Source "ChessBase"]
[SourceDate "2020.11.30"]
[SourceVersion "1"]
[SourceVersionDate "2020.11.30"]
[SourceQuality "1"]

1. d4 b6 2. c4 Bb7 3. Nf3 e6 4. Nc3 Nf6 5. Bd2 Be7 6. e3 0-0 7. Be2 d5 8. 0-0 Nbd7 9. Rc1 a6 10. cxd5 exd5 11. Bd3 Bd6 12. Re1 Re8 13. Ne2 Ne4 14. Ng3 g6 15. Bc3 f5 16. Nd2 Ndf6 17. Qb3 Nxf2 18. Kxf2 Ng4+ 19. Kg1 Nxh2 20. Kxh2 Qh4+ 21. Kg1 Bxg3 22. Nf3 Bf2+ 23. Kf1 Qg3 24. Ne5 Bxe3 25. Rxe3 Qxe3 26. Re1 Qg3 27. Bb1 Rad8 28. Qd1 Kg7 29. Qc1 Qh2 30. Qg5 a5 31. Bd3 Re6 32. Nf3 Rxe1+ 33. Bxe1 1-0

[Event "Calvia Amateur op 17th"]
[Site "Calvia"]
[Date "2020.10.11"]
[Round "2"]
[White "Altarriba Sampedro, Lorien"]
[Black "Penas Fuster, Jaime"]
[Result "1/2-1/2"]
[WhiteElo "1669"]
[BlackElo "1934"]
[PlyCount "23"]
[EventDate "2020.10.10"]
[EventType "swiss"]
[EventRounds "9"]
[EventCountry "ESP"]
[SourceTitle "CBM 198 Extra"]
[Source "ChessBase"]
[SourceDate "2020.11.30"]
[SourceVersion "1"]
[SourceVersionDate "2020.11.30"]
[SourceQuality "1"]

1. Nf3 Nf6 2. d4 d5 3. g3 g6 4. Bg2 Bg7 5. 0-0 0-0 6. Re1 Ne4 7. Ng5 Nc6 8. Nf3 e5 9. c3 exd4 10. cxd4 Nf6 11. Nc3 Bf5 12. Nh4 1/2-1/2

[Event "Calvia Amateur op 17th"]
[Site "Calvia"]
[Date "2020.10.10"]
[Round "1"]
[White "Lazarte Anello, David Emiliano"]
[Black "Altarriba Sampedro, Lorien"]
[Result "0-1"]
[WhiteElo "2102"]
[BlackElo "1669"]
[PlyCount "66"]
[EventDate "2020.10.10"]
[EventType "swiss"]
[EventRounds "9"]
[EventCountry "ESP"]
[SourceTitle "CBM 198 Extra"]
[Source "ChessBase"]
[SourceDate "2020.11.30"]
[SourceVersion "1"]
[SourceVersionDate "2020.11.30"]
[SourceQuality "1"]

1. e4 c5 2. Nf3 Nc6 3. d4 cxd4 4. Nxd4 Nf6 5. Nc3 d6 6. Bc4 Bd7 7. 0-0 Qb6 8. Nb3 Bg4 9. Be2 Bxe2 10. Qxe2 g6 11. Be3 Qc7 12. Bg5 Nd7 13. Nd5 Qd8 14. f4 Bg7 15. Rad1 Nb6 16. Nxe7 Nxe7 17. e5 d5 18. Nc5 Qc8 19. b4 h5 20. Bxe7 Kxe7 21. f5 gxf5 22. e6 fxe6 23. Rxf5 Qc6 24. Rg5 Bf6 25. Rg6 Rag8 26. Rxf6 Kxf6 27. Qf2+ Ke7 28. b5 Qc8 29. Qh4+ Ke8 30. Nxe6 Rxg2+ 31. Kxg2 Qxc2+ 32. Kh3 Qf5+ 33. Kg2 Rg8+ 0-1

[Event "ESP-ch U16"]
[Site "Salobrena"]
[Date "2020.08.13"]
[Round "6"]
[White "Altarriba Sampedro, Lorien"]
[Black "Roldan Marques, Marta"]
[Result "0-1"]
[WhiteElo "1743"]
[BlackElo "1956"]
[PlyCount "31"]
[EventDate "2020.08.10"]
[EventType "swiss"]
[EventRounds "9"]
[EventCountry "ESP"]
[SourceTitle "EXT 2021"]
[Source "ChessBase"]
[SourceDate "2020.10.23"]
[SourceVersion "1"]
[SourceVersionDate "2020.10.23"]
[SourceQuality "1"]

1. e4 e5 2. Nf3 Nc6 3. Bc4 Bc5 4. 0-0 Nf6 5. d3 0-0 6. Bg5 h6 7. Bh4 g5 8. Nxg5 hxg5 9. Bxg5 Kg7 10. Nc3 Be7 11. Qd2 Rh8 12. f4 Ng4 13. Bxe7 Qxe7 14. h3 Qc5+ 15. Kh1 Qe3 16. Rf3 0-1

[Event "ESP-ch U16"]
[Site "Salobrena"]
[Date "2020.08.11"]
[Round "3"]
[White "Tabuenca Mendataurigoitia, Pedro"]
[Black "Altarriba Sampedro, Lorien"]
[Result "1-0"]
[WhiteElo "1945"]
[BlackElo "1743"]
[PlyCount "81"]
[EventDate "2020.08.10"]
[EventType "swiss"]
[EventRounds "9"]
[EventCountry "ESP"]
[SourceTitle "EXT 2021"]
[Source "ChessBase"]
[SourceDate "2020.10.23"]
[SourceVersion "1"]
[SourceVersionDate "2020.10.23"]
[SourceQuality "1"]

1. e4 c5 2. Nc3 Nc6 3. Bb5 g6 4. Bxc6 dxc6 5. d3 Bg7 6. Be3 b6 7. Qd2 e5 8. 0-0-0 Be6 9. f4 exf4 10. Bxf4 Bxc3 11. Qxc3 Qd4 12. Qxd4 cxd4 13. Be5 f6 14. Bxd4 0-0-0 15. Bc3 h6 16. Ne2 Bg4 17. Rde1 Rh7 18. Rhf1 Rf7 19. h3 Bd7 20. Nf4 Ne7 21. e5 fxe5 22. Nxg6 Rg7 23. Nxe5 Nd5 24. Nxc6 Nxc3 25. Nxd8 Nxa2+ 26. Kb1 Nb4 27. Rf8 Kc7 28. Ne6+ Bxe6 29. Rxe6 Rxg2 30. Rf7+ Kd8 31. Re1 Nxc2 32. Ree7 Nb4 33. b3 Rg1+ 34. Kb2 Nxd3+ 35. Kc3 Rg3 36. Kd2 Nc5 37. Rxa7 Ke8 38. Rh7 Rd3+ 39. Kc2 Rd7 40. Ra8+ Rd8 41. Rh8+ 1-0

[Event "ESP-ch U16"]
[Site "Salobrena"]
[Date "2020.08.10"]
[Round "1"]
[White "Guillermo Gonzalez, Alvaro"]
[Black "Altarriba Sampedro, Lorien"]
[Result "1-0"]
[WhiteElo "2106"]
[BlackElo "1743"]
[PlyCount "49"]
[EventDate "2020.08.10"]
[EventType "swiss"]
[EventRounds "9"]
[EventCountry "ESP"]
[SourceTitle "EXT 2021"]
[Source "ChessBase"]
[SourceDate "2020.10.23"]
[SourceVersion "1"]
[SourceVersionDate "2020.10.23"]
[SourceQuality "1"]

1. e4 c5 2. Nf3 Nc6 3. d4 cxd4 4. Nxd4 Nf6 5. Nc3 d6 6. Bg5 e6 7. Qd2 Be7 8. 0-0-0 d5 9. exd5 Nxd5 10. Bxe7 Ncxe7 11. Bb5+ Bd7 12. Nxd5 Nxd5 13. c4 Nf6 14. Qb4 Qb6 15. Nf5 0-0-0 16. Nd6+ Kb8 17. Nxf7 Rc8 18. Kb1 a6 19. Rd6 Bc6 20. Nxh8 Rxh8 21. Rxc6 bxc6 22. Qd6+ Kb7 23. Qe7+ Qc7 24. Bxa6+ Kb6 25. c5+ 1-0

[Event "Mallorca-chT Preferente"]
[Site "Palma de Mallorca"]
[Date "2020.02.29"]
[Round "5.6"]
[White "Oliver Font, Jose Luis"]
[Black "Altarriba Sampedro, Lorien"]
[Result "1-0"]
[WhiteElo "1706"]
[BlackElo "1727"]
[PlyCount "28"]
[EventDate "2020.02.01"]
[EventType "team-tourn"]
[EventRounds "9"]
[EventCountry "ESP"]
[SourceTitle "CBM 195 Extra"]
[Source "ChessBase"]
[SourceDate "2020.05.31"]
[SourceVersion "1"]
[SourceVersionDate "2020.05.31"]
[SourceQuality "1"]
[WhiteTeam "Vuit Peons"]
[BlackTeam "Mallorca Isolani"]
[WhiteTeamCountry "ESP"]
[BlackTeamCountry "ESP"]

1. e4 c5 2. Nf3 g6 3. d4 cxd4 4. Nxd4 Bg7 5. Nc3 Nc6 6. Nb3 Nf6 7. Be2 d6 8. 0-0 0-0 9. Re1 a6 10. Bf1 Nd7 11. Bg5 h6 12. Bh4 Bxc3 13. bxc3 Re8 14. f4 Qc7 1-0

[Event "Mallorca TT Cup"]
[Site "Mallorca"]
[Date "2019.04.24"]
[Round "4.3"]
[White "Kehloul Gutierrez, Sadek"]
[Black "Altarriba Sampedro, Lorien"]
[Result "1/2-1/2"]
[WhiteElo "1917"]
[BlackElo "1623"]
[PlyCount "84"]
[EventDate "2019.04.22"]
[EventType "team-swiss"]
[EventRounds "4"]
[EventCountry "ESP"]
[SourceTitle "EXT 2024"]
[Source "ChessBase"]
[SourceDate "2023.10.10"]
[SourceVersion "1"]
[SourceVersionDate "2023.10.10"]
[SourceQuality "1"]
[WhiteTeam "Vuit Peons"]
[BlackTeam "Mallorca Isolani"]
[WhiteTeamCountry "ESP"]
[BlackTeamCountry "ESP"]

1. Nf3 d5 2. b3 Nf6 3. Bb2 c5 4. e3 Nc6 5. d4 e6 6. Nbd2 Be7 7. Be2 0-0 8. 0-0 Bd7 9. c4 b6 10. Rc1 Rc8 11. a3 Be8 12. Re1 Ne4 13. cxd5 exd5 14. dxc5 bxc5 15. Nxe4 dxe4 16. Nd2 f5 17. Qc2 Bf7 18. Nc4 Qc7 19. Bc3 Rfd8 20. Qb2 Bf8 21. Red1 Rxd1+ 22. Rxd1 Rd8 23. Rxd8 Qxd8 24. Ne5 Nxe5 25. Bxe5 Qb6 26. Bc4 Bxc4 27. bxc4 Qxb2 28. Bxb2 Kf7 29. Kf1 Ke6 30. Ke2 g6 31. Bc3 Kd6 32. f3 Ke6 33. Kf2 Bd6 34. h3 h5 35. g3 Bc7 36. g4 a6 37. Kg2 Kf7 38. fxe4 fxe4 39. Be1 hxg4 40. hxg4 Bd6 41. Kh3 g5 42. Bc3 Bc7 1/2-1/2

[Event "Balears-ch U14"]
[Site "Eivissa"]
[Date "2018.05.04"]
[Round "1.6"]
[White "Vives Morey, Tofol"]
[Black "Altarriba Sampedro, Lorien"]
[Result "1-0"]
[WhiteElo "1078"]
[BlackElo "1422"]
[PlyCount "55"]
[EventDate "2018.05.04"]
[EventType "swiss"]
[EventRounds "5"]
[EventCountry "ESP"]
[SourceTitle "EXT 2024"]
[Source "ChessBase"]
[SourceDate "2023.10.10"]
[SourceVersion "1"]
[SourceVersionDate "2023.10.10"]
[SourceQuality "1"]

1. d4 Nf6 2. Nf3 g6 3. g3 Bg7 4. Bg2 0-0 5. 0-0 d6 6. c4 Nbd7 7. Nc3 e5 8. e3 h5 9. h3 exd4 10. exd4 Nb6 11. Qb3 Be6 12. d5 Bd7 13. a4 a5 14. Be3 Ra6 15. c5 dxc5 16. Bxc5 Re8 17. Rfe1 Nbxd5 18. Nxd5 Be6 19. Nd2 Nxd5 20. Bxd5 Bxd5 21. Rxe8+ Qxe8 22. Qxd5 Bxb2 23. Rb1 Bc3 24. Qxb7 Re6 25. Nf3 Qxa4 26. Qxc7 Rc6 27. Qe7 Re6 28. Qf8+ 1-0

[Event "Mallorca-ch School U14"]
[Site "Mallorca"]
[Date "2018.03.09"]
[Round "5.2"]
[White "Alzamora Gueguen, Jaume Andreu"]
[Black "Altarriba Sampedro, Lorien"]
[Result "1/2-1/2"]
[WhiteElo "1298"]
[BlackElo "1399"]
[PlyCount "111"]
[EventDate "2018.02.02"]
[EventType "swiss"]
[EventRounds "6"]
[EventCountry "ESP"]
[SourceTitle "EXT 2024"]
[Source "ChessBase"]
[SourceDate "2023.10.10"]
[SourceVersion "1"]
[SourceVersionDate "2023.10.10"]
[SourceQuality "1"]

1. e4 c5 2. Nf3 g6 3. d4 cxd4 4. Nxd4 Bg7 5. Nc3 Nc6 6. Be3 d6 7. Qd2 Nf6 8. f3 a5 9. Bc4 Bd7 10. 0-0-0 h5 11. h3 Nxd4 12. Bxd4 Bh6 13. Be3 Bxe3 14. Qxe3 Qc7 15. Qd3 Qc5 16. Qd4 Qxd4 17. Rxd4 Rh7 18. Rhd1 0-0-0 19. Bb3 b5 20. a4 b4 21. Nd5 Ng8 22. R1d3 Be6 23. c3 bxc3 24. Rxc3+ Kb7 25. Ba2 Rc8 26. Bc4 Rc5 27. Kd2 f5 28. Rb3+ Ka7 29. Rc3 Bxd5 30. Rxd5 Rxd5+ 31. Bxd5 Nf6 32. Rc7+ Ka6 33. Ba8 Ne8 34. Rb7 fxe4 35. fxe4 Nf6 36. Rb5 Nd7 37. Bb7+ Ka7 38. Bc8 Nc5 39. Ke3 Rf7 40. Rxa5+ Kb6 41. Rb5+ Kc7 42. b4 Nxa4 43. Be6 Rf6 44. Bb3 Nb6 45. Ra5 e5 46. Ra7+ Kc6 47. Ra5 Rf1 48. Ke2 Rf6 49. Bc2 h4 50. Bd3 g5 51. Bb5+ Kb7 52. Bd3 Rf8 53. b5 Nd7 54. Ra6 Rf6 55. Rc6 Nb6 56. Ke3 1/2-1/2

[Event "Mallorca-ch School U14"]
[Site "Mallorca"]
[Date "2018.02.09"]
[Round "2"]
[White "Altarriba Sampedro, Lorien"]
[Black "Mestre Jimenez, Aleix"]
[Result "1-0"]
[WhiteElo "1399"]
[BlackElo "1240"]
[PlyCount "131"]
[EventDate "2018.02.02"]
[EventType "swiss"]
[EventRounds "6"]
[EventCountry "ESP"]
[SourceTitle "EXT 2024"]
[Source "ChessBase"]
[SourceDate "2023.10.10"]
[SourceVersion "1"]
[SourceVersionDate "2023.10.10"]
[SourceQuality "1"]

1. e4 e5 2. Nf3 Nc6 3. Bc4 h6 4. c3 Nf6 5. d3 Bc5 6. Nbd2 0-0 7. 0-0 d6 8. Re1 Qe7 9. Nf1 Be6 10. Bxe6 Qxe6 11. Be3 Bxe3 12. Nxe3 Rad8 13. Qb3 Qxb3 14. axb3 Rd7 15. Nd5 Nxd5 16. exd5 Ne7 17. Rxa7 b6 18. c4 Rb8 19. d4 f6 20. dxe5 fxe5 21. Nd2 b5 22. Rea1 Rb6 23. R1a6 Rxa6 24. Rxa6 bxc4 25. bxc4 Rd8 26. Ra7 Rc8 27. b3 Kf8 28. Kf1 c6 29. Ra6 Ke8 30. Ne4 Kd7 31. Ra7+ Rc7 32. dxc6+ Nxc6 33. Rxc7+ Kxc7 34. Ng3 g6 35. Ne4 Nd4 36. b4 Kc6 37. f3 d5 38. b5+ Kb6 39. cxd5 Nxb5 40. Nf6 Kc5 41. Ng4 Kxd5 42. Nxh6 Ke6 43. Ke2 Nd4+ 44. Kd3 Kd5 45. Ng8 Ne6 46. Ne7+ Kd6 47. Nxg6 Kd5 48. h4 Nc5+ 49. Ke3 e4 50. h5 exf3 51. gxf3 Ne6 52. h6 Ng5 53. f4 Nh7 54. Kf3 Ke6 55. Nh4 Kf6 56. Kg4 Ke6 57. Nf3 Kf6 58. Ng5 Nxg5 59. fxg5+ Kg6 60. Kf4 Kh7 61. Kf5 Kh8 62. Kf6 Kg8 63. g6 Kh8 64. g7+ Kg8 65. h7+ Kxh7 66. Kf7 1-0

[Event "Mallorca-ch Tercera"]
[Site "Palma"]
[Date "2017.12.06"]
[Round "3.10"]
[White "Juan Lepp, Jaime Boris"]
[Black "Altarriba Sampedro, Lorien"]
[Result "1-0"]
[WhiteElo "1275"]
[BlackElo "1200"]
[PlyCount "37"]
[EventDate "2017.12.02"]
[EventType "swiss"]
[EventRounds "8"]
[EventCountry "ESP"]
[SourceTitle "EXT 2024"]
[Source "ChessBase"]
[SourceDate "2023.10.10"]
[SourceVersion "1"]
[SourceVersionDate "2023.10.10"]
[SourceQuality "1"]

1. e4 c5 2. d4 cxd4 3. c3 dxc3 4. Nxc3 Nc6 5. Nf3 e6 6. Bc4 Qc7 7. 0-0 Nf6 8. Re1 Be7 9. Nd5 Nxd5 10. exd5 Na5 11. Bb5 0-0 12. Bd2 a6 13. Rc1 Qd8 14. Bd3 b6 15. Qe2 b5 16. Bf4 Nb7 17. Qe4 f5 18. Qe2 Re8 19. Bc7 1-0

[Event "Balears School-ch U12"]
[Site "S'Arenal"]
[Date "2016.05.??"]
[Round "1.1"]
[White "Gomila Benejam, Doro"]
[Black "Altarriba Sampedro, Lorien"]
[Result "1-0"]
[WhiteElo "1494"]
[BlackElo "1276"]
[PlyCount "57"]
[EventDate "2016.05.20"]
[EventType "swiss"]
[EventRounds "5"]
[EventCountry "ESP"]
[SourceTitle "EXT 2024"]
[Source "ChessBase"]
[SourceDate "2023.10.10"]
[SourceVersion "1"]
[SourceVersionDate "2023.10.10"]
[SourceQuality "1"]

1. e4 c5 2. Nf3 Nc6 3. d4 cxd4 4. Nxd4 e6 5. Nc3 a6 6. Be3 Bb4 7. Qd2 Nf6 8. f3 d5 9. Nxc6 bxc6 10. e5 d4 11. Bxd4 Nh5 12. g4 c5 13. Be3 Bb7 14. Bg2 f6 15. gxh5 fxe5 16. 0-0-0 Bd5 17. a3 Bxc3 18. Qxc3 0-0 19. Qxe5 Qb6 20. h6 Rf7 21. hxg7 Rxg7 22. Rxd5 exd5 23. Qxd5+ Kf8 24. Qxa8+ Kf7 25. Qd5+ Ke8 26. Re1 Re7 27. Qg8+ Kd7 28. Bh3+ Kd6 29. Bf4+ 1-0